Chương trình giáo dục phổ thông Những vấn đề chung : Ban hành kèm theo Quyết định số 16/2006/QĐ-BGDĐT ngày 5/5/2006 của Bộ trưởng Bộ Giáo dục và Đào tạo

Gồm những vấn đề chung, chương trình chuẩn của 23 môn học và hoạt động giáo dục, chương trình các cấp học tiểu học, trung học cơ sở, phổ thông trung học

Gorde:
Xehetasun bibliografikoak
Formatua: Liburua
Hizkuntza:Vietnamese
Argitaratua: H. Giáo dục 2006
Saila:Bộ Giáo dục và Đào tạo
Gaiak:
Etiketak: Etiketa erantsi
Etiketarik gabe, Izan zaitez lehena erregistro honi etiketa jartzen!
Thư viện lưu trữ: Mạng thư viện Đại học Đà Nẵng
LEADER 01296nam a2200361 4500
001 000006553
003 2711
005 20110914080900.0
008 110914s2006 viesd
020 |c 000đ 
041 0 |a vie 
082 |a 373.19  |b Chư 
245 0 |a Chương trình giáo dục phổ thông  |b Những vấn đề chung : Ban hành kèm theo Quyết định số 16/2006/QĐ-BGDĐT ngày 5/5/2006 của Bộ trưởng Bộ Giáo dục và Đào tạo 
260 |a H.  |b Giáo dục  |c 2006 
300 |a 12 tr  |b bảng  |c 24 cm 
490 |a Bộ Giáo dục và Đào tạo 
520 |a Gồm những vấn đề chung, chương trình chuẩn của 23 môn học và hoạt động giáo dục, chương trình các cấp học tiểu học, trung học cơ sở, phổ thông trung học 
653 |a Phổ thông trung học 
653 |a Trung học cơ sở 
653 |a Chương trình 
653 |a Giáo dục 
653 |a Việt Nam 
653 |a Sách giáo viên 
653 |a Tiểu học 
910 |a Nguyễn Thị Kim Oanh  |d 14/09/2011 
OWN |a LSP 
999 |a From the UDN01 
TYP |a Monograph 
TYP |a Printed language 
980 |a Mạng thư viện Đại học Đà Nẵng